Chrz, Martin. Leopold Pölzl. - Ústí nad Labem : Město Ústi nad Labem. - 2002 [Rezension]
| Titel: | Chrz, Martin. Leopold Pölzl. - Ústí nad Labem : Město Ústi nad Labem. - 2002 [Rezension] |
|---|---|
| Verfasser: | |
| In: |
Porta Bohemica, Band 2 (2003), Seite 153-155 alle Artikel anzeigen |
| Veröffentlicht: | 2003 |
| Format: | Aufsatz |
| Sprache: | Tschechisch |
X
alg: 39518013 001A $01999:12-11-16 001B $06050:05-06-24 $t16:37:27.000 001D $01999:12-11-16 001U $0utf8 001X $00 002@ $0Aox 003@ $0395180139 007A $0395180139 $aHEB 007T $0Herdp28600 010@ $acze 011@ $a2003 021A $aChrz, Martin. Leopold Pölzl. - Ústí nad Labem : Město Ústi nad Labem. - 2002 [Rezension] 028A $aVrzalová $dJitka 031A $d2 $h153-155 $j2003 039B $aIn $8--Abvc--. Porta Bohemica. - Litoměřice : [Verlag nicht ermittelbar], 2001- $x200300000020000847 $9110372816 039T $8--Aau--Chrz, Martin [Tnx]. Leopold Pölzl. - Ústí nad Labem : Město Ústi nad Labem, 2002. - 103 S.. - Ill.. - ISBN 80-902856-2-7 $9114359431 045F $a900.94371 $eDDC23BSB 045F/01 $a900 045F/03 $g4371 045T $aOST $qDE-12 $2FID lok: 39518013 78 exp: 39518013 78 1 #EPN 201B/01 $026-11-17 $t04:07:33.000 201U/01 $0utf8 203@/01 $0791490459 208@/01 $a12-11-16 $be 209A/01 $a/ $f000 $x00 220C/01 $aHerkunft: HÚ AV ČR Praha 244Z/01 $#Tschechien $#Tschechische Republik $#Tschechische Republik $#Tschechenland $#Tschechei Tschechien $#Česká Republika $#Czech Republic $#ČR $74303381-7 $8--Tg1--Tschechien $x01 $9086659812 244Z/01 $2Trx $#Böhmen $#Bohemia $#Czechy $8--Trx--Čechy $x02 $9391188941 244Z/01 $2Trx $#arvustused $#recenzijos $#Reviews $#recenziók $#recenzje $#recenzie $#recenze $8--Trx--Rezensionen $x03 $9391357441 247C/01 $82080>Marburg/Lahn, Herder-Institut, Forschungsbibliothek, Bibliographieportal $9336309341
| LEADER | 00000caa a22000002c 4500 | ||
|---|---|---|---|
| 001 | 395180139 | ||
| 003 | DE-603 | ||
| 005 | 20240605163727.0 | ||
| 007 | tu | ||
| 008 | 161112s2003 xx |||| | u00||u|cze c | ||
| 035 | |a (DE-599)HEB395180139 | ||
| 040 | |a DE-603 |b ger |c DE-603 |d DE-603 | ||
| 041 | |a cze | ||
| 082 | 0 | 4 | |8 1\u |a 900.94371 |q DE-101 |2 23/BSB |
| 084 | |a OST |q DE-12 |2 fid | ||
| 085 | |8 1\u |b 900 | ||
| 085 | |8 1\u |z 2 |s 4371 | ||
| 100 | 1 | |a Vrzalová, Jitka | |
| 245 | 0 | 0 | |a Chrz, Martin. Leopold Pölzl. - Ústí nad Labem : Město Ústi nad Labem. - 2002 [Rezension] |
| 264 | 0 | |c 2003 | |
| 773 | 0 | 8 | |i In |t Porta Bohemica |d Litoměřice : [Verlag nicht ermittelbar], 2001- |g Band 2 (2003), Seite 153-155 |w (DE-603)110372816 |w (DE-600)2104026-6 |
| 787 | 0 | 8 | |i Rezension von |a Chrz, Martin |t Leopold Pölzl |d Ústí nad Labem : Město Ústi nad Labem, 2002 |h 103 S., Ill. |z 8090285627 |w (DE-603)114359431 |
| 924 | 0 | |9 2080 |a (DE-603)791490459 |b DE-2080 |c HES |d d |g / | |


